000 00329nam a22001337a 4500
008 170809b xxu||||| |||| 00| 0 eng d
020 _a9781133234005
041 _aeng
080 _a004
100 _a35
101 _aSHKI
245 _aCSC118 COMPUTER APPLICATIONS & CSC18 COMPUTER APPLICATIONS II
_cSHAFFER
942 _2udc
_cBK
999 _c23055
_d23055